000 00550 a2200193 4500
001 61432
005 20260407155905.0
008 260407a1943 arg spa d
003 AR-UNSa-BCEJYS
040 _aAR-UNSa-BCEJYS
_bspa
_cAR-UNSa-BCEJYS
080 _a347.2
_xDerechos reales. Cosas. Bienes muebles
245 1 0 _aDerecho civil
_pTratado de los derechos reales
264 1 _aBuenos Aires :
_bEDIAR
_c1943
300 _a3 v.
_c26 cm.
041 _aspa
942 _cBK
590 _aniveau_biblio:m niveau_hierar:0
100 1 _aLafaille, Héctor
999 _c7312
_d7312